Представление документа в формате RUSMARC

ПолеНазваниеЗначение
  Тип записи a
  Библиографический уровень m
001 Контрольный номер RU/SLIB/B/208777712
005 Дата корректировки 20241031110907.7
010 Индекс ISBN __
a ISBN 5-02-028039-9
d Цена 6-00
100 Данные общей обработки __
a Данные общей обработки 20211111d1990 m y0rusy028902 ca
101 Язык документа 0_
a Язык текста rus
102 Страна публикации __
a Страна публикации RU
105 Кодированные данные (монография) __
a Кодированные данные (монография) y z 000ay
181 Поле кодированных данных: вид содержания _0
a Код вида содержания (ISBD) i
182 Поле кодированных данных: тип средства _0
a Код типа средства (ISBD) n
200 Заглавие и сведения об ответственности 1_
a Заглавие Собрание сочинений
f Первые сведения об ответственности Ф. М. Достоевский
b Общее обозначение материала Текст
h Номер части Т. 7
i Наименование части Бесы
e Сведения, относящиеся к заглавию в 15. т.
210 Выходные данные 1_
a Место издания Л.
c Издательство Наука
d Дата издания 1990
215 Физическое описание __
a Объем 845 с.
333 Примечание о целевом назначении __
a Примечание о целевом назначении 16+. Для детей старше 16 лет
606 Тематические рубрики __
a Основная рубрика Художественная литература
z Хронологическая подрубрика 19 в.
y Географическая подрубрика Россия
606 Тематические рубрики __
a Основная рубрика Русская литература XIX в. (произведения)
610 Ключевые слова 0_
a Ключевые слова писатели; проза; прозаики; классики; романы; тема нравственности
686 Индексы других классификаций __
a Классификационный индекс 84(2=411.2)52-4
700 Автор _1
a Фамилия Достоевский
b Имя Ф. М.
g Полное личное имя Федор Михайлович
4 Код отношения 070
801 Источник записи _0
a Страна RU
b Организация Муниципальное бюджетное учреждение культуры "Централизованная библиотечная система" г. Сургут (Центральная городская библиотека им. А. С. Пушкина)
g Правила каталогизации КиК/Лебедева
801 Источник записи _1
a Страна RU
b Организация Муниципальное бюджетное учреждение культуры "Централизованная библиотечная система" г. Сургут (Центральная городская библиотека им. А. С. Пушкина)
g Правила каталогизации КиК/Лебедева
852 Данные о местонахождении __
j Шифр хранения 84(2=411.2)52-4
i Авторский знак Д 70
p Инвентарный номер 43711
901 Тип документа __
t Тип документа m
990 Данные о заказе (DOS) __
j Количество экземпляров (DOS) 5
t N записи в КСУ для И/У (DOS) 199101